| Tag |
First Indicator |
Second Indicator |
Subfields |
| LEADER |
00000cam a2200000Ia 4500 |
| 001 |
in00001317721 |
| 005 |
20170624063146.0 |
| 008 |
951011s1995 ncuab b 000 0 eng d |
| 035 |
|
|
|a (OCoLC)ocm33275262
|
| 035 |
|
|
|a (OCoLC)33275262
|
| 035 |
|
|
|9 AHC7973AM
|
| 040 |
|
|
|a ILU
|c ILU
|d TXA
|d UtOrBLW
|
| 043 |
|
|
|a n-us-tx
|
| 049 |
|
|
|a TXAM
|
| 090 |
|
|
|a CC77.U5
|b W38 1995
|
| 100 |
1 |
|
|a Watts, Gordon P.,
|c Jr.
|
| 245 |
1 |
0 |
|a Historical and literature research and remote sensing survey of proposed facility development areas associated with the Mine Warfare Center at NAVSTA Ingleside /
|c submitted to, Turner Collie & Braden, Inc. ; submitted by, Gordon P. Watts, Jr.
|
| 264 |
|
1 |
|a Washington, N.C. :
|b Tidewater Atlantic Research,
|c [1995]
|
| 300 |
|
|
|a iv, 62 leaves (2 folded) :
|b illustrations, maps ;
|c 28 cm.
|
| 336 |
|
|
|a text
|b txt
|2 rdacontent
|
| 337 |
|
|
|a unmediated
|b n
|2 rdamedia
|
| 338 |
|
|
|a volume
|b nc
|2 rdacarrier
|
| 500 |
|
|
|a "18 April 1995."
|
| 504 |
|
|
|a Includes bibliographical references (leaves 60-62).
|
| 650 |
|
0 |
|a Underwater archaeology
|z Texas
|z Corpus Christi Bay.
|
| 650 |
|
0 |
|a Magnetometry in archaeology
|z Texas
|z Corpus Christi Bay.
|
| 650 |
|
0 |
|a Magnetic anomalies
|z Texas
|z Corpus Christi Bay.
|
| 651 |
|
0 |
|a Corpus Christi Bay (Tex.)
|x Antiquities.
|
| 710 |
2 |
|
|a Turner Collie & Braden Inc.
|
| 710 |
2 |
|
|a Tidewater Atlantic Research (Firm)
|
| 994 |
|
|
|a E0
|b TXA
|
| 999 |
|
|
|a MARS
|
| 999 |
f |
f |
|s f4b0de42-6d49-3975-9741-482b0469769a
|i 5b707233-d2ee-3b61-b10e-cac590c7e776
|t 0
|
| 952 |
f |
f |
|p ric
|a Texas A&M University
|b Rellis Campus
|c Joint Library Facility
|d Remote Storage
|t 0
|e CC77.U5 W38 1995
|h Library of Congress classification
|i unmediated -- volume
|m A14826595012
|
| 998 |
f |
f |
|a CC77.U5 W38 1995
|t 0
|l Remote Storage
|